OECD economic surveys 1994-1995
| Format: | Book |
|---|---|
| Published: |
Paris:
Organisation for Economic Co-operation and Development,
1995.
|
| Subjects: |
| LEADER | 00481cam a2200157 7i4500 | ||
|---|---|---|---|
| 001 | 0000004560 | ||
| 005 | 19991025090000.0 | ||
| 002 | ##000006064 | ||
| 020 | 0 | 0 | |a T000004944 |
| 090 | 0 | 0 | |a FRAN 330.9 |b OEC |
| 245 | 0 | 0 | |a OECD economic surveys 1994-1995 |c France. |
| 260 | 0 | 0 | |a Paris: |b Organisation for Economic Co-operation and Development, |c 1995. |
| 300 | 0 | 0 | |a 162p.: |b ill.. |
| 650 | 0 | 0 | |a Economic surveys-France |
| 651 | 0 | 0 | |a France |
| 999 | |a 0000007364 |b Book |c Open shelf |e Business Information Centre | ||